| 000 | 01034nam a22002657a 4500 | ||
|---|---|---|---|
| 008 | 081120t xxu||||| |||| 00| 0 eng d | ||
| 010 | _aENG-91703 | ||
| 020 |
_a9788175346291 _c275.00 |
||
| 035 | _aEN-75236 | ||
| 037 | _bDBAD / PUB | ||
| 040 |
_adpl _bEnglish |
||
| 082 | _a346.540322 | ||
| 100 | _aJanak Raj Jai | ||
| 245 |
_aMotor accident claims: _cby Janak Raj Jai _blaw & procedure / |
||
| 250 | _a3rd ed. | ||
| 260 |
_aDelhi _bUniversal Law Publishing _c2007 |
||
| 270 |
_aC-FF-1A, Dilkhush Industrial Estate, (Opp, Hans Cinema, Azadpur) GT. Karnal Road,, _bDelhi _e110033 |
||
| 300 |
_axx, 347p.: _c22cm (pbk) _bill |
||
| 500 | _aIncludes index | ||
| 650 |
_aLiabilities for traffic accidents _zIndia |
||
| 650 |
_aAccident law _zIndia |
||
| 650 |
_aCivil procedure _zIndia |
||
| 942 |
_2ddc _cEN _mJAN _h346.540322 |
||
| 999 |
_c18844 _d18844 |
||